ປະເທດທີ່ໃກ້ທີ່ສຸດປະເທດລາວ - ທາງແລ່ນຫນຶ່ງ​ນາ​ທີ - Statistics

General Stats
  • This quiz has been taken 5 times
  • The average score is 2 of 20
Answer Stats
ກິໂລແມັດ ປະເທດ % Correct
0 ກຳ ປູເຈຍ
67%
0 ຈີນ
67%
0 ມຽນມາ
33%
0 ປະເທດໄທ
33%
0 ຫວຽດນາມ
33%
717 ອິນເດຍ
0%
780 ບັງກະລາເທດ
0%
945 ມາເລເຊຍ
0%
1072 ປະເທດພູຖານ
0%
1105 ອິນໂດເນເຊຍ
0%
1315 ຟີລິບປິນ
0%
1342 ບຣູໄນ
0%
1396 ເນປານ
0%
1406 ສິງກະໂປ
0%
1528 ໄຕ້ຫວັນ
0%
1864 ຍີ່ປຸ່ນ
0%
2148 ມົງໂກລີ
0%
2360 ສີ​ລັງ​ກາ
0%
2603 ເກົາ​ຫຼີ​ໃຕ້
0%
2714 ເກົາ​ຫຼີ​ເຫນືອ
0%
No matching quizzes found
Score Distribution
Percent of People with Each Score
Percentile by Number Answered
Your Score History
You have not taken this quiz